000 00782nam a2200289Ia 4500
001 67682
003 IT-RoPAU
008 130308s9999 xx 000 0 und d
040 _aIT-RoPAU
040 _cIT-RoPAU
041 _aITALIANO
100 _aGenco Anna
100 _gCodice Aut. SPICS: 6193
245 _aProblemi pedagogici ed etico-sociali derivanti dal mezzo audiovisivo
245 _bStudi Cinematografici e Televisivi-1-1968
250 _a1a ed.
260 _aPARMA
260 _bMaccari
260 _c1968 [1° Ed.:1968 - Ed.Ling.Originale:1968]
300 _a"18 p. (prefazione: no ; testo: 18 [pagine: 31-48])"
650 _aSAGGI SUL CINEMA
650 _eCodice materia Spics: 6811
942 _cBK
957 _71
999 _c55717
_d55717
999 _bSI
999 _g1